000 00703naa a2200205 a 4500
001 82915
003 BD-RjUL
005 20240201154427.0
008 240201s1908 ii ||||| |||| 00| 0 per d
035 _a(BD-RjUL)82915
040 _aBD-RjUL
_beng
_cBD-RjUL
041 _aeng
245 _a شاہنامہ فردوسی ;;; Shahnama Ferdowsi /
_cحکیم ابوالقاسم فردوسی ;; Hakeem Abul Qasim Ferdowsi
246 _aShahnama Hakeem Abul Qasim Ferdowsi ;; شاہنامہ حکیم ابوالقاسم فردوسی
260 _a : کانپور
_b , منشی نول کشور
_c1908
300 _aV. ;
_c30 cm
505 _aVol. 1.--
650 _aPersian poetry
942 _2ddc
_cBK
999 _c82915
_d82915